|
|
|
|
| LEADER |
00000nam0a2200000 4500 |
| 001 |
252084 |
| 005 |
20231101232721.0 |
| 010 |
|
|
|a 5269000474
|
| 020 |
|
|
|a RU
|b 89-26621
|
| 035 |
|
|
|a (RuTPU)RU\TPU\book\274401
|
| 090 |
|
|
|a 252084
|
| 100 |
|
|
|a 20140227d1989 km y0rusy5003 ca
|
| 101 |
0 |
|
|a rus
|
| 102 |
|
|
|a RU
|
| 105 |
|
|
|a a z 000zb
|
| 200 |
1 |
|
|a А. Билык
|e альбом
|f Н. И. Иванина
|
| 210 |
|
|
|a Москва
|c Советский художник
|d 1989
|
| 215 |
|
|
|a 63 с.
|c ил.
|
| 225 |
1 |
|
|a Мир глазами художника
|
| 300 |
|
|
|a На обл. авт. не указан
|
| 600 |
|
1 |
|a Билык
|b А. П.
|c художник, скульптор
|f 1928-
|g Анатолий Петрович
|2 stltpush
|3 (RuTPU)RU\TPU\pers\32058
|9 16105
|
| 610 |
1 |
|
|a казахская советская скульптура
|
| 610 |
1 |
|
|a искусство
|
| 610 |
1 |
|
|a скульптура
|
| 610 |
1 |
|
|a скульптуры
|
| 610 |
1 |
|
|a 20 век
|
| 610 |
1 |
|
|a Казахстан
|
| 700 |
|
1 |
|a Иванина
|b Н. И.
|g Наталия Ивановна
|
| 801 |
|
0 |
|a RU
|b RuMRKP
|c 19950417
|g psbo
|
| 801 |
|
1 |
|a RU
|b 63413507
|c 20140227
|
| 801 |
|
2 |
|a RU
|b 63413507
|c 20180329
|g RCR
|
| 942 |
|
|
|c BK
|